Геологические исследования в Ширабадском районе; Геологические исследования в Яккабагском и Гузарском районе; Геологические исследования в Ново-Бухарском районе

Détails bibliographiques
Auteur principal: Туаев Н. П.
Collectivité auteur: Нефтяной геологоразведочный институт
Langue:russe
Publié: Москва, Государственное научно-техническое нефтяное изд-во, 1934
Copublished:Н. А. Швембергер. Геологические исследования в Яккабагском и Гузарском районе; Г. И. Шатов. Геологические исследования в Ново-Бухарском районе
Collection:Труды нефтяного геолого-разведочного института
Серия Б Вып. 46
Sujets:
Format: MixedMaterials Livre
KOHA link:https://koha.lib.tpu.ru/cgi-bin/koha/opac-detail.pl?biblionumber=362994

MARC

LEADER 00000nam0a2200000 4500
001 362994
005 20231102011538.0
035 |a (RuTPU)RU\TPU\retro\20340 
035 |a RU\TPU\retro\20339 
090 |a 362994 
100 |a 20210909d1934 k y0rusy50 ca 
101 0 |a rus 
102 |a RU 
105 |a a z 001zy 
200 1 |a Геологические исследования в Ширабадском районе  |f Н. П. Туаев  |g Нефтяной геологоразведочный институт 
210 |a Москва  |a Ленинград  |c Государственное научно-техническое нефтяное изд-во  |d 1934 
215 |a 72 с.  |c ил.  |e карта 
225 1 |a Труды нефтяного геолого-разведочного института 
225 1 |a Серия Б  |v Вып. 46 
320 |9 572  |a Библиогр. в конце ст. 
423 |t Геологические исследования в Яккабагском и Гузарском районе  |f Н. А. Швембергер 
423 |t Геологические исследования в Ново-Бухарском районе  |f Г. И. Шатов  |a Шатов, Г. И. 
606 1 |a Геологические исследования  |2 stltpush  |3 (RuTPU)RU\TPU\subj\6042  |9 34006 
610 1 |a Узбекистан 
610 1 |a нефтеносность 
610 1 |a стратиграфия 
610 1 |a тектоника 
610 1 |a полезные ископаемые 
610 1 |a рельеф 
610 1 |a гидрография 
610 1 |a гидрогеология 
610 1 |a гравитационные наблюдения 
610 1 |a интерпретация 
610 1 |a орография 
675 |a 55  |v 4 
700 1 |a Туаев  |b Н. П. 
712 0 2 |a Нефтяной геологоразведочный институт  |c (Ленинград)  |c (1929-1945)  |2 stltpush  |3 (RuTPU)RU\TPU\col\23516  |9 28332 
801 1 |a RU  |b 63413507  |c 20210820 
801 2 |a RU  |b 63413507  |c 20210909  |g RCR 
942 |c BK